[Event "Novosibirsk Sukharev Memorial op"]
[Site "Novosibirsk"]
[Date "2012.07.26"]
[Round "9"]
[White "Shestakov, Alexey"]
[Black "Koroljkov, Evgeny"]
[Result "0-1"]
[WhiteElo "1806"]
[BlackElo "2070"]
[PlyCount "98"]
[EventDate "2012.07.18"]
[EventType "swiss"]
[EventRounds "9"]
[EventCountry "RUS"]
[SourceTitle "EXT 2013"]
[Source "ChessBase"]
[SourceDate "2012.11.22"]
[SourceVersion "1"]
[SourceVersionDate "2012.11.22"]
[SourceQuality "1"]

1. Nf3 c5 2. g3 Nc6 3. Bg2 g6 4. 0-0 Bg7 5. Nc3 d6 6. d3 e6 7. Bg5 Qc7 8. Rb1 h6 9. Bd2 Nge7 10. Nb5 Qd8 11. Bc3 e5 12. Bd2 0-0 13. c4 Be6 14. Qc1 Kh7 15. Nh4 Rb8 16. a4 Qd7 17. Re1 b6 18. Bf3 a6 19. Nc3 Nd4 20. e3 Nxf3+ 21. Nxf3 d5 22. cxd5 Nxd5 23. a5 Nb4 24. Rf1 Bh3 25. Rd1 Bg4 26. Kg2 Nxd3 27. Qc2 Nb4 28. Qb3 e4 29. Nxe4 Qf5 30. Nh4 Qxe4+ 31. f3 Qb7 32. Bxb4 cxb4 33. Qxb4 Be6 34. e4 bxa5 35. Qxa5 Qb5 36. Qxb5 Rxb5 37. Rd6 a5 38. Ra6 Rfb8 39. f4 Rxb2+ 40. Rxb2 Rxb2+ 41. Kf3 Bd4 42. f5 Rf2+ 43. Kg4 h5+ 44. Kh3 Bc4 45. fxg6+ fxg6 46. Rxa5 Bf1+ 47. Ng2 Bxg2+ 48. Kh4 Bf6+ 49. Rg5 Kh6 0-1

[Event "Novosibirsk Sukharev Memorial op"]
[Site "Novosibirsk"]
[Date "2012.07.24"]
[Round "8"]
[White "Koroljkov, Evgeny"]
[Black "Kamrukov, Alexey"]
[Result "1/2-1/2"]
[WhiteElo "2070"]
[BlackElo "2072"]
[PlyCount "87"]
[EventDate "2012.07.18"]
[EventType "swiss"]
[EventRounds "9"]
[EventCountry "RUS"]
[SourceTitle "EXT 2013"]
[Source "ChessBase"]
[SourceDate "2012.11.22"]
[SourceVersion "1"]
[SourceVersionDate "2012.11.22"]
[SourceQuality "1"]

1. d4 d5 2. Nf3 c6 3. e3 Bf5 4. Bd3 Bxd3 5. cxd3 Nf6 6. 0-0 e6 7. b3 Bb4 8. Bb2 0-0 9. Nbd2 a5 10. Ne5 Na6 11. a3 Be7 12. f4 Re8 13. Ndf3 Nd7 14. Bc3 Nf8 15. Nd2 Nc7 16. Qh5 g6 17. Qe2 Nb5 18. Bb2 Rc8 19. Ndf3 Qb6 20. Qd2 Nd6 21. Bc3 Ra8 22. b4 a4 23. Bb2 Rac8 24. Rac1 Nf5 25. g3 Rc7 26. Kg2 Rec8 27. Rh1 Qb5 28. g4 Ng7 29. g5 b6 30. Ng4 Nd7 31. Qc3 Nf5 32. Rc2 Bf8 33. Rhc1 Bg7 34. Qd2 Qa6 35. Kf2 Qa7 36. Bc3 Nd6 37. Bb2 Nb5 38. Nfe5 Nxe5 39. Nxe5 Qb7 40. Ng4 Nd6 41. Ke2 Qa6 42. Kf2 Qb5 43. Kf3 Nf5 44. Kf2 1/2-1/2

[Event "Novosibirsk Sukharev Memorial op"]
[Site "Novosibirsk"]
[Date "2012.07.24"]
[Round "7"]
[White "Loginova, Lubov"]
[Black "Koroljkov, Evgeny"]
[Result "0-1"]
[WhiteElo "1847"]
[BlackElo "2070"]
[PlyCount "90"]
[EventDate "2012.07.18"]
[EventType "swiss"]
[EventRounds "9"]
[EventCountry "RUS"]
[SourceTitle "EXT 2013"]
[Source "ChessBase"]
[SourceDate "2012.11.22"]
[SourceVersion "1"]
[SourceVersionDate "2012.11.22"]
[SourceQuality "1"]

1. d4 Nf6 2. c4 e6 3. Nc3 d5 4. Nf3 c6 5. cxd5 exd5 6. Qc2 Bd6 7. Bg5 Nbd7 8. e3 0-0 9. Bd3 h6 10. Bh4 Qe7 11. 0-0 Re8 12. Rfe1 g5 13. Bg3 Bxg3 14. hxg3 Ne4 15. Rab1 Ndf6 16. Ne5 Nd7 17. Nf3 h5 18. Kf1 h4 19. gxh4 gxh4 20. Ke2 Nf8 21. Rh1 Bg4 22. Kf1 Ng6 23. Nd2 Nxf2 24. Kxf2 Qxe3+ 25. Kf1 Qf4+ 26. Nf3 Bxf3 27. gxf3 Qxf3+ 28. Kg1 Nf4 29. Bf1 Qg4+ 30. Bg2 Re2 31. Qxe2 Nxe2+ 32. Nxe2 Qxe2 33. Rxh4 Kg7 34. Rf1 Qe3+ 35. Kh1 f6 36. Rg4+ Kf7 37. Bf3 Rh8+ 38. Kg2 Qd2+ 39. Rf2 Qc1 40. Kg3 f5 41. Bxd5+ cxd5 42. Rxf5+ Ke6 43. Re5+ Kd6 44. Rg6+ Kc7 45. Rg7+ Kc8 0-1

[Event "Novosibirsk Sukharev Memorial op"]
[Site "Novosibirsk"]
[Date "2012.07.21"]
[Round "4"]
[White "Koroljkov, Evgeny"]
[Black "Sevostianov, Vladimir"]
[Result "0-1"]
[WhiteElo "2070"]
[BlackElo "2207"]
[PlyCount "74"]
[EventDate "2012.07.18"]
[EventType "swiss"]
[EventRounds "9"]
[EventCountry "RUS"]
[SourceTitle "EXT 2013"]
[Source "ChessBase"]
[SourceDate "2012.11.22"]
[SourceVersion "1"]
[SourceVersionDate "2012.11.22"]
[SourceQuality "1"]

1. d4 Nf6 2. Nf3 d6 3. Nbd2 Nbd7 4. e4 e5 5. c3 c6 6. Bc4 Nxe4 7. Bxf7+ Kxf7 8. Nxe4 exd4 9. 0-0 Nf6 10. Neg5+ Kg8 11. Nxd4 h6 12. Nge6 Bxe6 13. Nxe6 Qd7 14. Nxf8 Rxf8 15. Re1 Kf7 16. Be3 b6 17. a4 Re8 18. a5 b5 19. Qb3+ Nd5 20. c4 bxc4 21. Qxc4 Rb8 22. Rac1 Rhc8 23. Rc2 Kg8 24. Qd4 a6 25. Rec1 Rb5 26. Bd2 Ne7 27. h3 Rf8 28. Qc4+ Kh8 29. Re1 Rc5 30. Qd3 Rd5 31. Qc4 Ng6 32. Qg4 Qf7 33. Bc3 Rg5 34. Qe4 d5 35. Qe3 Nf4 36. g3 Nxh3+ 37. Kh2 Nxf2 0-1

[Event "Novosibirsk Sukharev Memorial op"]
[Site "Novosibirsk"]
[Date "2012.07.20"]
[Round "3"]
[White "Lazarev, Vladislav"]
[Black "Koroljkov, Evgeny"]
[Result "1/2-1/2"]
[WhiteElo "1996"]
[BlackElo "2070"]
[PlyCount "70"]
[EventDate "2012.07.18"]
[EventType "swiss"]
[EventRounds "9"]
[EventCountry "RUS"]
[SourceTitle "EXT 2013"]
[Source "ChessBase"]
[SourceDate "2012.11.22"]
[SourceVersion "1"]
[SourceVersionDate "2012.11.22"]
[SourceQuality "1"]

1. d4 Nf6 2. c4 e6 3. g3 d5 4. Bg2 c6 5. Qc2 Bd6 6. Nf3 Nbd7 7. Nbd2 0-0 8. 0-0 e5 9. cxd5 cxd5 10. dxe5 Nxe5 11. Nxe5 Bxe5 12. Nf3 Bd6 13. Bg5 h6 14. Bxf6 Qxf6 15. Qd2 Rd8 16. Nd4 Be5 17. e3 Bxd4 18. Qxd4 Qxd4 19. exd4 Be6 20. Rac1 Rac8 21. b3 Kf8 22. Rfd1 Rxc1 23. Rxc1 Ke7 24. Rc7+ Rd7 25. Rc8 Rd8 26. Rc5 Kd6 27. f4 b6 28. Rc3 Rc8 29. Rxc8 Bxc8 30. Kf2 Bf5 31. Bf3 Bb1 32. a3 Bc2 33. b4 Bb3 34. Ke3 Kc6 35. Be2 a5 1/2-1/2

[Event "Novosibirsk Sukharev Memorial op"]
[Site "Novosibirsk"]
[Date "2010.07.22"]
[Round "6"]
[White "Khoroshev, Sergey"]
[Black "Koroljkov, Evgeny"]
[Result "1-0"]
[WhiteElo "2190"]
[BlackElo "2105"]
[PlyCount "132"]
[EventDate "2010.07.18"]
[EventType "swiss"]
[EventRounds "9"]
[EventCountry "RUS"]
[SourceTitle "EXT 2011"]
[Source "ChessBase"]
[SourceDate "2010.11.26"]
[SourceVersion "1"]
[SourceVersionDate "2010.11.26"]
[SourceQuality "1"]

1. d4 Nf6 2. c4 e6 3. Nc3 d5 4. cxd5 exd5 5. Bg5 Be7 6. e3 0-0 7. Qc2 Nbd7 8. Bd3 Re8 9. Nge2 c6 10. 0-0 Nf8 11. Rfe1 h6 12. Bf4 Ne6 13. Bg3 Bd6 14. Rad1 Ng5 15. Bxd6 Qxd6 16. Ng3 Bd7 17. a3 Re7 18. f3 Rae8 19. Qf2 h5 20. Bb1 g6 21. h4 Ngh7 22. Rd2 Kh8 23. Rde2 Bc8 24. e4 dxe4 25. Ngxe4 Nxe4 26. fxe4 Qf6 27. e5 Qxf2+ 28. Rxf2 Rd8 29. Ba2 Bf5 30. d5 cxd5 31. Nxd5 Red7 32. Ne3 Be6 33. Bxe6 fxe6 34. Nc4 Rd1 35. Rxd1 Rxd1+ 36. Kh2 Rd5 37. Kg3 Kg8 38. Rd2 Kf7 39. Kf4 Nf8 40. Ke4 Rxd2 41. Nxd2 Nd7 42. Kd4 Nb6 43. Ne4 Ke7 44. Nd6 Nd5 45. g3 b6 46. Nc8+ Kd7 47. Nxa7 Nc7 48. a4 Na6 49. Nb5 Nc5 50. Nc3 Kc6 51. b4 Nb3+ 52. Ke4 Nd2+ 53. Kf4 Nc4 54. Ke4 Nb2 55. Kd4 Kb7 56. a5 bxa5 57. bxa5 Ka6 58. Kc5 Kxa5 59. Kd6 Kb4 60. Ne2 Kc4 61. Kxe6 Kd3 62. Nf4+ Ke4 63. Nxg6 Kf3 64. Kf6 Nc4 65. Kg5 Kxg3 66. Kxh5 Kf3 1-0

[Event "Novosibirsk Sukharev Memorial op"]
[Site "Novosibirsk"]
[Date "2009.07.24"]
[Round "7"]
[White "Garder, Igor"]
[Black "Koroljkov, Evgeny"]
[Result "1-0"]
[WhiteElo "2243"]
[BlackElo "2113"]
[PlyCount "61"]
[EventDate "2009.07.18"]
[EventType "swiss"]
[EventRounds "9"]
[EventCountry "RUS"]
[SourceTitle "CBM 131 Extra"]
[Source "ChessBase"]
[SourceDate "2009.09.03"]
[SourceVersion "2"]
[SourceVersionDate "2009.09.16"]
[SourceQuality "1"]

1. c4 c5 2. Nf3 Nc6 3. d4 cxd4 4. Nxd4 g6 5. Nc3 Bg7 6. Nb3 Nf6 7. e4 0-0 8. Be2 d6 9. 0-0 Be6 10. Be3 Qc8 11. f3 Re8 12. Rc1 Nd7 13. Qd2 b6 14. Nd5 Nc5 15. Nd4 Nxd4 16. Bxd4 Bxd4+ 17. Qxd4 Bd7 18. b4 Ne6 19. Qe3 Nc7 20. Nc3 Qb7 21. f4 Rac8 22. f5 b5 23. c5 dxc5 24. bxc5 Bc6 25. Rf4 f6 26. Rg4 g5 27. h4 h6 28. hxg5 fxg5 29. Rxg5+ hxg5 30. Qxg5+ Kf8 31. Qh6+ 1-0

[Event "Novosibirsk Sukharev Memorial op"]
[Site "Novosibirsk"]
[Date "2009.07.21"]
[Round "4"]
[White "Loginov, Vladislav"]
[Black "Koroljkov, Evgeny"]
[Result "1/2-1/2"]
[WhiteElo "2169"]
[BlackElo "2113"]
[PlyCount "55"]
[EventDate "2009.07.18"]
[EventType "swiss"]
[EventRounds "9"]
[EventCountry "RUS"]
[SourceTitle "CBM 131 Extra"]
[Source "ChessBase"]
[SourceDate "2009.09.03"]
[SourceVersion "2"]
[SourceVersionDate "2009.09.16"]
[SourceQuality "1"]

1. d4 Nf6 2. c4 e6 3. Nf3 d5 4. g3 c6 5. Bg2 Bd6 6. 0-0 0-0 7. Nbd2 Nbd7 8. Qc2 Re8 9. b3 Qe7 10. Bb2 e5 11. cxd5 Nxd5 12. e4 Nb4 13. Qb1 exd4 14. a3 Na6 15. Nxd4 Nf8 16. Nc4 Bc5 17. b4 Bxd4 18. Bxd4 Be6 19. Ne3 f6 20. Qb2 Red8 21. Rad1 Nc7 22. Bc5 Qf7 23. Rxd8 Rxd8 24. Bxa7 Rd3 25. Nc2 Nd7 26. Be3 Ne5 27. Qc1 Qd7 28. Bf4 1/2-1/2

[Event "Novosibirsk April op"]
[Site "Novosibirsk"]
[Date "2008.04.11"]
[Round "7"]
[White "Kuzmin, Artem"]
[Black "Koroljkov, Evgeny"]
[Result "1-0"]
[WhiteElo "1992"]
[BlackElo "2113"]
[PlyCount "45"]
[EventDate "2008.04.05"]
[EventType "swiss"]
[EventRounds "9"]
[EventCountry "RUS"]
[SourceTitle "EXT 2010"]
[Source "ChessBase"]
[SourceDate "2010.11.25"]
[SourceVersion "1"]
[SourceVersionDate "2010.11.25"]
[SourceQuality "1"]

1. e4 c5 2. c3 Nf6 3. e5 Nd5 4. d4 cxd4 5. cxd4 d6 6. Nf3 Nc6 7. Bc4 e6 8. Qe2 Nb6 9. Bb3 dxe5 10. dxe5 Bb4+ 11. Nbd2 Nd4 12. Nxd4 Qxd4 13. 0-0 Bd7 14. Nf3 Qc5 15. Be3 Qb5 16. Qc2 Rc8 17. Qe4 Bc6 18. Qg4 Kf8 19. Nd4 Qa5 20. Bxe6 Re8 21. Qf5 Re7 22. a3 Bd2 23. b4 1-0